Código de Minería. Anotaciones y concordancias Índice temático Títulos de artículos del cuerpo del código y de las normas del apéndice.
Enregistré dans:
| Collectivité auteur: | |
|---|---|
| Autres auteurs: | |
| Format: | Inconnue |
| Langue: | anglais |
| Publié: |
Santiago, Chile:
Legal Publishing; Thomson Reuters,
2021
|
| Édition: | Vigésima Primera Edición. |
| Collection: | Colección de Códigos 2021
|
| Sujets: | |
| Tags: |
Ajouter un tag
Pas de tags, Soyez le premier à ajouter un tag!
|
MARC
| LEADER | 00000 a2200000 4500 | ||
|---|---|---|---|
| 003 | CL-VaPUC | ||
| 005 | 20241211115542.0 | ||
| 008 | 210615b ||||| |||| 00| 0 eng d | ||
| 999 | |c 433067 |d 433065 | ||
| 020 | |a 978-956-400-180-7 | ||
| 040 | |c Pontificia Universidad Católica de Valparaíso | ||
| 082 | 0 | 4 | |a 343.83077 CHI 2021 |
| 110 | 1 | |a Chile |9 890760 | |
| 245 | 1 | 0 | |a Código de Minería. |b Anotaciones y concordancias Índice temático Títulos de artículos del cuerpo del código y de las normas del apéndice. |
| 250 | |a Vigésima Primera Edición. |b Actualizada al 4 de enero de 2021 | ||
| 260 | |a Santiago, Chile: |b Legal Publishing; |b Thomson Reuters, |c 2021 | ||
| 300 | |a 399 páginas | ||
| 490 | 0 | |a Colección de Códigos 2021 | |
| 505 | |a -Ley N.º 18.248. Fija texto del Código de Minería. -Título I. Del dominio del Estado y de los derechos mineros. -Título II. De la capacidad para adquirir derechos mineros. -Título III. Del objeto y forma de las concesiones mineras. -Título IV. De las demasías. -Título V. Del procedimiento de constitución de las concesiones mineras. -Título VI. De los efectos de la sentencia constitutiva de la concesión. -Título VII. Del Conservador de Minas. -Título VIII. De los derechos y obligaciones de los concesionarios mineros. -Título IX. De la exploración y de la explotación mineras. -Título X. Del amparo, extinción y caducidad de las concesiones mineras. -Título XI. De los contratos y cuasicontratos. -Título XII. De la reivindicación de los minerales. -Título XIII. De los derechos de los acreedores. -Título XIV. De la competencia en general y el procedimiento. -Título XV. Disposiciones generales. Apéndice: -Constitución Política de la República de Chile (Capítulo III. De los Derechos y Deberes Constitucionales. Artículo 19. Inciso 24°). -Ley N.º 18.097. Ley Orgánica Constitucional sobre Concesiones Mineras (D.O. de 21 de enero de 1982). -Decreto N.º 1. Reglamento del Código de Minería. (D.O. de 27 de febrero de 1987). -Decreto Ley N.º 3.525. Crea el Servicio Nacional de Geología y Minería. (D.O. de 02 de diciembre de 1980). -Decreto Supremo N.º 141. Reglamento del Artículo 7° Transitorio del Código de Minería. -Decreto Supremo N.º 39. Establece Procedimiento para Aplicación del Artículo 6° Transitorio del Código de Minería. (D.O. de 07 de diciembre de 1985). -Decreto Supremo N.º 132. Aprueba Reglamento de Seguridad Minera. (D.O. de 07 de febrero de 2004). -Ley N.º 12.680. Fija Normas para la Venta e Inscripción de Acciones Mineras en los casos que señala (D.O. de 13 de noviembre de 1957). -Ley N.º 20.551. Regula el Cierre de Faenas e Instalaciones Mineras (D.O. de 22 de noviembre de 2011). -Decreto N.º 41. Reglamento de la Ley de cierre de faenas e instalaciones mineras (D.O. de 22 de noviembre de 2012). -Resolución exenta N.º 1.222. Aprueba norma que establece categorías de contravenciones a los Reglamentos de Policía y Seguridad Minera y señala multas para cada caso (D.O. de 10 de agosto de 2020). | ||
| 583 | |k Cristina Rojas |c 20210615 | ||
| 650 | 0 | |a Código de minería |z Chile |9 256729 | |
| 650 | 0 | |a Derecho minero chileno |9 257767 | |
| 650 | 0 | |a Concesiones mineras |9 256334 | |
| 700 | |a Baltra Vergara, María Luisa |e directora |9 814195 | ||
| 942 | |2 ddc |c BK | ||
| 952 | |0 0 |1 0 |2 ddc |4 0 |6 343_830770000000000_CHI_2021 |7 0 |8 R |9 578080 |a BIBDER |b BIBDER |d 2021-06-09 |e 31 |g 0.00 |i 5584345 |o 343.83077 CHI 2021 |p 5584345 |r 2023-01-25 |t 1 |v 0.00 |w 2021-06-09 |y BK_R |k DER | ||